[Event "Bad Griesbach Seniors op 10th"]
[Site "Bad Griesbach"]
[Date "2007.12.04"]
[Round "3"]
[White "Mitzel, Robert"]
[Black "Muenz, Werner"]
[Result "1-0"]
[WhiteElo "1965"]
[BlackElo "1697"]
[PlyCount "97"]
[EventDate "2007.12.02"]
[EventType "swiss"]
[EventRounds "7"]
[EventCountry "GER"]
[SourceTitle "EXT 2015"]
[Source "ChessBase"]
[SourceDate "2014.11.20"]
[SourceVersion "1"]
[SourceVersionDate "2014.11.20"]
[SourceQuality "1"]

1. d4 Nf6 2. c4 e6 3. Nc3 Bb4 4. e3 0-0 5. Nf3 b6 6. Qc2 Bb7 7. Bd3 d5 8. cxd5 exd5 9. 0-0 Ba6 10. Ne5 Bxd3 11. Qxd3 Bxc3 12. bxc3 Nfd7 13. Nf3 Nf6 14. Ba3 Re8 15. c4 c6 16. Rac1 Nbd7 17. Rc2 Ne4 18. cxd5 c5 19. Rd1 Rc8 20. Bb2 Qe7 21. dxc5 Nexc5 22. Qd4 f6 23. d6 Qe4 24. Qxe4 Rxe4 25. Nd4 Kf7 26. Kf1 Ree8 27. Ke2 Ne6 28. Nc6 a5 29. Rdc1 Nec5 30. Na7 Rcd8 31. Nb5 Re4 32. Bd4 Rh4 33. h3 Rh5 34. f3 Ne6 35. Rb2 Rd5 36. Rc6 Nxd4+ 37. exd4 Re8+ 38. Kf2 f5 39. Nc7 Rc8 40. Re2 Rxd6 41. Rxd6 Rxc7 42. d5 b5 43. Ra6 a4 44. d6 Rb7 45. Re7+ Kf6 46. a3 f4 47. Ra8 b4 48. axb4 Rxb4 49. Rxd7 1-0

[Event "Bad Griesbach Seniors op 08th"]
[Site "Bad Griesbach"]
[Date "2005.12.10"]
[Round "7"]
[White "Reichwald, Klaus Dieter"]
[Black "Muenz, Werner"]
[Result "0-1"]
[WhiteElo "1713"]
[BlackElo "1792"]
[PlyCount "46"]
[EventDate "2005.12.04"]
[EventType "swiss"]
[EventRounds "9"]
[EventCountry "GER"]
[SourceTitle "EXT 2015"]
[Source "ChessBase"]
[SourceDate "2014.11.20"]
[SourceVersion "1"]
[SourceVersionDate "2014.11.20"]
[SourceQuality "1"]

1. e4 c5 2. Nc3 Nc6 3. g3 d6 4. Bg2 Nf6 5. d3 e5 6. Nge2 Be7 7. 0-0 0-0 8. f4 Nd4 9. f5 Bd7 10. h3 b5 11. Nd5 Nxd5 12. exd5 Nxf5 13. c3 Bg5 14. Be4 g6 15. Rf3 Bxc1 16. Qxc1 Ng7 17. g4 f5 18. gxf5 gxf5 19. Rg3 fxe4 20. Qh6 Qf6 21. Qe3 exd3 22. Qxd3 Qf2+ 23. Kh1 Bf5 0-1

[Event "Bad Griesbach Seniors op 08th"]
[Site "Bad Griesbach"]
[Date "2005.12.09"]
[Round "6"]
[White "Muenz, Werner"]
[Black "Mehlhorn, Dieter"]
[Result "1/2-1/2"]
[WhiteElo "1792"]
[BlackElo "1826"]
[PlyCount "51"]
[EventDate "2005.12.04"]
[EventType "swiss"]
[EventRounds "9"]
[EventCountry "GER"]
[SourceTitle "EXT 2015"]
[Source "ChessBase"]
[SourceDate "2014.11.20"]
[SourceVersion "1"]
[SourceVersionDate "2014.11.20"]
[SourceQuality "1"]

1. Nf3 c6 2. c4 d5 3. e3 Nf6 4. d4 e6 5. Nc3 Nbd7 6. Bd3 Be7 7. 0-0 0-0 8. b3 b6 9. e4 dxe4 10. Nxe4 Bb7 11. Re1 Qc7 12. Bb2 Rad8 13. Qc2 h6 14. Rad1 Nxe4 15. Bxe4 Nf6 16. Bd3 Nd7 17. a3 Bf6 18. Ne5 Nb8 19. Re3 c5 20. f4 Kh8 21. dxc5 Qxc5 22. Qf2 Bxe5 23. Rxe5 Qxf2+ 24. Kxf2 Nd7 25. Re3 Nc5 26. Bc2 1/2-1/2

[Event "Bad Griesbach Seniors op 08th"]
[Site "Bad Griesbach"]
[Date "2005.12.07"]
[Round "4"]
[White "Klimpel, Siegfried"]
[Black "Muenz, Werner"]
[Result "0-1"]
[WhiteElo "1679"]
[BlackElo "1792"]
[PlyCount "67"]
[EventDate "2005.12.04"]
[EventType "swiss"]
[EventRounds "9"]
[EventCountry "GER"]
[SourceTitle "EXT 2015"]
[Source "ChessBase"]
[SourceDate "2014.11.20"]
[SourceVersion "1"]
[SourceVersionDate "2014.11.20"]
[SourceQuality "1"]

1. e4 c5 2. Nf3 Nc6 3. d3 d6 4. g3 e5 5. Bg2 Nf6 6. 0-0 Be7 7. Nbd2 b5 8. Re1 0-0 9. Nf1 h6 10. h4 Be6 11. c3 Qd7 12. d4 cxd4 13. cxd4 Bh3 14. d5 Nd8 15. Bd2 Bxg2 16. Kxg2 Nb7 17. b4 Rfc8 18. N3h2 Rc4 19. f3 Bd8 20. Ne3 Rcc8 21. Nf5 Bb6 22. g4 Nh7 23. g5 hxg5 24. hxg5 g6 25. Nh6+ Kf8 26. N2g4 Bd8 27. f4 exf4 28. Rf1 Bxg5 29. Bxf4 Rc4 30. Bxg5 Nxg5 31. Nf6 Qh3+ 32. Kf2 Nxe4+ 33. Nxe4 Rxe4 34. Rh1 0-1